| 000 | 00400 a2200109 4500 | ||
|---|---|---|---|
| 020 | _a9782940395019 | ||
| 082 | _a363.125 CIM | ||
| 100 | _aCima, Daniel | ||
| 245 |
_aPratical Guide on Road Safety : A Toolkit for National cross and Red Cresent Societies / _cDaniel Cima |
||
| 260 |
_aSwitzerland ; _bInternational Federation of Red Cross and Red Crescent Societies, _c2007 |
||
| 300 |
_a44p. : _bill. ; _c30 cm |
||
| 650 | _aRoad Safety | ||
| 999 |
_c2213 _d2213 |
||